Đàm thoại Tiếng Hoa trong khách sạn nhà hàng
保存先:
| その他の著者: | |
|---|---|
| 言語: | Undetermined |
| 出版事項: |
[Hà Nội]
Thống Kê
2007
|
| タグ: |
タグ追加
タグなし, このレコードへの初めてのタグを付けませんか!
|
| Thư viện lưu trữ: | Trung tâm Học liệu Trường Đại học Trà Vinh |
|---|
| LEADER | 00488nam a2200181Ia 4500 | ||
|---|---|---|---|
| 001 | TVU_9113 | ||
| 008 | 210423s9999 xx 000 0 und d | ||
| 041 | |a Vie | ||
| 082 | |a 495.1 | ||
| 082 | |b C300 | ||
| 245 | 0 | |a Đàm thoại Tiếng Hoa trong khách sạn nhà hàng | |
| 245 | 0 | |c Nguyễn Thiện Chí | |
| 260 | |a [Hà Nội] | ||
| 260 | |b Thống Kê | ||
| 260 | |c 2007 | ||
| 300 | |b Đĩa CD + | ||
| 700 | |a Nguyễn Thiện Chí | ||
| 980 | |a Trung tâm Học liệu Trường Đại học Trà Vinh | ||